000 00495nam a2200181Ia 4500
001 17387
005 20260306171514.0
008 260306s9999||||xx |||||||||||||| ||und||
041 _aESP
082 _a657.835
_bP86
100 _aPrieto Hormaza, Marlon Iván
_eAUT
245 0 _aContabilidad gubernamental y su impacto en el SIAF-SP:
_bfundamentos teórico-prácticos
260 _c2017
300 _a554 páginas :
_c25 cm.
650 _aGEN
654 _aCCO
942 _cLIB
_dJUS
_fJUS
_2ddc
_n
999 _c17387
_d17387